|
|
|
|
| LEADER |
00000nam0a2200000 4500 |
| 001 |
96703 |
| 005 |
20231031110640.0 |
| 010 |
|
|
|a 5982670049
|
| 035 |
|
|
|a (RuTPU)RU\TPU\book\103556
|
| 090 |
|
|
|a 96703
|
| 100 |
|
|
|a 20060517d2004 km y0rusy50 ca
|
| 101 |
0 |
|
|a rus
|
| 102 |
|
|
|a RU
|
| 105 |
|
|
|a a l 000zy
|
| 200 |
1 |
|
|a Храмы православные: отопление, вентиляция, кондиционирование воздуха
|e стандарт АВОК-2-2004
|
| 205 |
|
|
|a переизд. стандарт АВОК-2-2002 с доп. и изм.
|
| 210 |
|
|
|a Москва
|c Авок-Пресс
|d 2004
|
| 215 |
|
|
|a 14 с.
|c ил.
|
| 300 |
|
|
|a Утвержден и введен в действие постановлением бюро президиума НП "АВОК" от 9 июня 2004 г. Срок действия - 4 года
|
| 610 |
1 |
|
|a культовые сооружения
|
| 610 |
1 |
|
|a православные храмы
|
| 610 |
1 |
|
|a отопление
|
| 610 |
1 |
|
|a вентиляция
|
| 610 |
1 |
|
|a теплоснабжение
|
| 610 |
1 |
|
|a воздухообмен
|
| 610 |
1 |
|
|a отраслевые стандарты
|
| 610 |
1 |
|
|a воздух
|
| 610 |
1 |
|
|a кондиционирование
|
| 675 |
|
|
|a 697(083.74)
|v 3
|
| 801 |
|
1 |
|a RU
|b 63413507
|c 20060517
|g PSBO
|
| 801 |
|
2 |
|a RU
|b 63413507
|c 20071015
|g PSBO
|
| 942 |
|
|
|c BK
|
| 959 |
|
|
|a 34/20060516
|d 1
|e 120,00
|f НФ:1
|